Political Parties in Türkiye - Statistics

General Stats
  • This quiz has been taken 155 times
  • The average score is 8 of 10
Answer Stats
Picture Hint Answer % Correct
Justice and Development Party Adalet ve Kalkınma Partisi - AK Parti
100%
Republican People's Party Cumhuriyet Halk Partisi - CHP
100%
Nationalist Movement Party Milliyetçi Hareket Partisi - MHP
97%
Good Party İyi Parti - İYİP
93%
Workers' Party of Turkey Türkiye İşçi Partisi - TİP
80%
Victory Party Zafer Partisi - ZP
76%
New Welfare Party Yeniden Refah Partisi - YRP
66%
Great Unity Party Büyük Birlik Partisi - BBP
60%
Homeland Party Memleket Partisi - MP
55%
Peoples' Equality and Democracy Party Halkların Eşitlik ve Demokrasi Partisi - DEM Parti
54%
No matching quizzes found
Score Distribution
Percent of People with Each Score
Percentile by Number Answered
Your Score History
You have not taken this quiz